La traición a la Ilustración: Investigación sobre el malestar contemporáneo

Na minha lista:
Detalhes bibliográficos
Autor principal: Guillebaud, Jean-Claude (Author)
Formato: Livro
Idioma:espanhol
Publicado em: Buenos Aires Manantial 1995
Assuntos:
Tags: Adicionar Tag
Sem tags, seja o primeiro a adicionar uma tag!

MARC

LEADER 00000nam a2200000 a 4500
001 UCG5491
003 CL-VaPUC
008 110310e19950000AG |||||||||||||||||spa|d
020 |a 9509515965 
082 0 4 |a 901  |b GUI  |2 21 
100 |a Guillebaud, Jean-Claude  |e author  |9 555197 
245 1 3 |a La traición a la Ilustración: Investigación sobre el malestar contemporáneo 
300 |a 195 p 
942 |c BK 
945 |d 20110310 00:00:00  |a dcastane 
260 |a Buenos Aires  |b Manantial  |c 1995 
650 0 |a Filosofía de la historia  |9 265651 
650 0 |a Historia moderna  |9 268036 
650 0 |a Civilización   |9 255823 
650 0 |a Modernismo  |9 267987 
650 0 |a Vida intelectual  |9 265379 
583 |a last modification  |c 20121001 12:29:43  |k Rodrigo Vera 
999 |c 343968  |d 343966 
952 |0 0  |1 0  |4 0  |6 901_000000000000000_GUI_1995  |7 0  |8 A  |9 441692  |a FDOPOS  |b FDOPOS  |d 2019-11-22  |i 4753445  |o 901 GUI 1995  |p 4753445  |r 2025-01-22  |w 2019-11-22  |y BK  |k DLH